Library of the University of Algiers 3
Ibrahim Sultan Cheibout
شعار جامعة الجزائر 3
مكتبة جامعة الجزائر 3
إبراهيم سلطان شيبوط

مراقبة التسيير والأداء في المؤسسة الاقتصادية : (رقم التسجيلة. 46306)

تفاصيل مارك
000 -LEADER
fixed length control field 01791nam a2200229Ia 4500
003 - CONTROL NUMBER IDENTIFIER
control field Ost
005 - DATE AND TIME OF LATEST TRANSACTION
control field 20260507075802.0
008 - FIXED-LENGTH DATA ELEMENTS--GENERAL INFORMATION
fixed length control field 260507s9999||||xx |||||||||||||| ||und||
040 ## - CATALOGING SOURCE
Transcribing agency fsecg
041 ## - LANGUAGE CODE
Language code of text/sound track or separate title ara
082 ## - DEWEY DECIMAL CLASSIFICATION NUMBER
Classification number 658.4013
100 ## - MAIN ENTRY--PERSONAL NAME
Personal name عدون، ناصر دادي
Relator term مؤلف
245 #0 - TITLE STATEMENT
Title مراقبة التسيير والأداء في المؤسسة الاقتصادية :
Remainder of title المؤسسة العمومية بالجزائر /
Statement of responsibility, etc. ناصر دادي عدون
260 ## - PUBLICATION, DISTRIBUTION, ETC.
Place of publication, distribution, etc. الجزائر:
Name of publisher, distributor, etc. دار المحمدية العامة,
300 ## - PHYSICAL DESCRIPTION
Extent 223 صفحة؛
Other physical details إيضاحات ؛
Dimensions 24 سم
520 ## - SUMMARY, ETC.
Summary, etc. يضم مفاهيم عامة حول تحسين الأداء في المؤسسة، مدخل لنظام مراقبة التسيير بالمؤسسة، أهداف مراقبة التسيير وعلاقته بنظام المعلومات، موقع نظام مراقبة التسيير ومراحل عمله، واقع أداء المؤسسة العمومية وتطورها في الجزائر، الأدوات الكمية الكلاسيكية محاسبة التكاليف، الموازنة التقديرية والتحليل المالي، الأدوات الكمية الحديثة ومحاسبة التكاليف على أساس الانشطة لوحات القيادة، القياس المقارن وإعادة الهندسة ولوحة القيادة المتوازنة، الأدوات الكيفية لمراقبة التسيير ودورها في الأداء ثقافة المؤسسة الميزانية الاجتماعية.
653 ## - INDEX TERM--UNCONTROLLED
Uncontrolled term الرقابة الإدارية
653 ## - INDEX TERM--UNCONTROLLED
Uncontrolled term المؤسسات الإنتاجية
653 ## - INDEX TERM--UNCONTROLLED
Uncontrolled term تقييم الأداء
700 ## - ADDED ENTRY--PERSONAL NAME
Personal name الواحد، عبد الله قويدر
Relator term مؤلف ثانوي
942 ## - ADDED ENTRY ELEMENTS (KOHA)
Koha item type كتب
المقتنيات
Withdrawn status Lost status Source of classification or shelving scheme Damaged status Not for loan Home library Current library Date acquired Serial enumeration / chronology Inventory number Total checkouts Full call number Barcode Date last seen Price effective from Koha item type
    Library of Congress Classification   NOT LOAN / إعارة داخلية مكتبة كلية العلوم الإقتصادية والعلوم التجارية وعلوم التسيير مكتبة كلية العلوم الإقتصادية والعلوم التجارية وعلوم التسيير 07/05/2026 الطابق الأرضي 025.21/569   509/025.21ن01 025.21/569 07/05/2026 07/05/2026 كتب

موارد الويب المفتوحة


© University of Algiers 3 All Rights Reserved
|
Implemented by LECHELAH Riad